Fundamentals of criminal investigation and intelligence / (Record no. 17201)
[ view plain ]
| 000 -LEADER | |
|---|---|
| fixed length control field | 00802nam a22002177a 4500 |
| 005 - DATE AND TIME OF LATEST TRANSACTION | |
| control field | 20250303093942.0 |
| 008 - FIXED-LENGTH DATA ELEMENTS--GENERAL INFORMATION | |
| fixed length control field | 220712b ||||| |||| 00| 0 eng d |
| 020 ## - INTERNATIONAL STANDARD BOOK NUMBER | |
| International Standard Book Number | 9786218219014 |
| 082 ## - DEWEY DECIMAL CLASSIFICATION NUMBER | |
| Classification number | DFil 363.25 F962 2020 |
| 245 ## - TITLE STATEMENT | |
| Title | Fundamentals of criminal investigation and intelligence / |
| Statement of responsibility, etc. | Mathew P. Langbis and three others |
| 260 ## - PUBLICATION, DISTRIBUTION, ETC. (IMPRINT) | |
| Place of publication, distribution, etc. | Nueva Ecija, Philippines: |
| Name of publisher, distributor, etc. | Powersource Publishing House, |
| Date of publication, distribution, etc. | 2020. |
| 300 ## - PHYSICAL DESCRIPTION | |
| Extent | iii, 236 pages; |
| Dimensions | 25 cm. |
| 500 ## - GENERAL NOTE | |
| General note | Includes bibliographical references. |
| 650 ## - SUBJECT ADDED ENTRY--TOPICAL TERM | |
| Topical term or geographic name as entry element | Criminal investigation |
| 9 (RLIN) | 45711 |
| 650 ## - SUBJECT ADDED ENTRY--TOPICAL TERM | |
| Topical term or geographic name as entry element | Forensic sciences |
| 9 (RLIN) | 45712 |
| 650 #0 - SUBJECT ADDED ENTRY--TOPICAL TERM | |
| Topical term or geographic name as entry element | Intelligence service. |
| 9 (RLIN) | 5501 |
| 700 ## - ADDED ENTRY--PERSONAL NAME | |
| Personal name | Chavez, Carmelita B., |
| Relator term | author |
| 9 (RLIN) | 45713 |
| 700 ## - ADDED ENTRY--PERSONAL NAME | |
| Personal name | Osumo, Richard B., |
| Relator term | author |
| 9 (RLIN) | 45714 |
| 700 ## - ADDED ENTRY--PERSONAL NAME | |
| Personal name | Salamanca, Bayani H., |
| Relator term | author |
| 9 (RLIN) | 43942 |
| 942 ## - ADDED ENTRY ELEMENTS (KOHA) | |
| Source of classification or shelving scheme | Dewey Decimal Classification |
| Koha item type | Filipiniana |
| Withdrawn status | Lost status | Source of classification or shelving scheme | Damaged status | Not for loan | Collection code | Home library | Current library | Date acquired | Source of acquisition | Cost, normal purchase price | Total Checkouts | Full call number | Barcode | Date last seen | Copy number | Price effective from | Koha item type | Shelving location | Date last checked out |
|---|---|---|---|---|---|---|---|---|---|---|---|---|---|---|---|---|---|---|---|
| Dewey Decimal Classification | Filipiniana | UM Digos College - LIC | UM Digos College - LIC | 03/10/2022 | Purchased | 435.00 | DFil 363.25 F962 2020 | 26573 | 05/15/2025 | 1 | 07/12/2022 | Filipiniana | |||||||
| Dewey Decimal Classification | Filipiniana | UM Digos College - LIC | UM Digos College - LIC | 03/10/2022 | Purchased | 435.00 | DFil 363.25 F962 2020 | 26574 | 05/15/2025 | 2 | 07/12/2022 | Filipiniana | |||||||
| Dewey Decimal Classification | Filipiniana | UM Digos College - LIC | UM Digos College - LIC | 03/10/2022 | Purchased | 435.00 | 1 | DFil 363.25 F962 2020 | 26575 | 08/22/2025 | 3 | 07/12/2022 | Filipiniana | Book Cart | 08/13/2025 | ||||
| Dewey Decimal Classification | Filipiniana | UM Digos College - LIC | UM Digos College - LIC | 08/08/2023 | Purchased | 712.00 | DFil 363.25 F962 2020 | 27489 | 05/15/2025 | 4 | 01/10/2024 | Filipiniana | |||||||
| Dewey Decimal Classification | Filipiniana | UM Digos College - LIC | UM Digos College - LIC | 08/08/2023 | Purchased | 712.00 | 2 | DFil 363.25 F962 2020 | 27490 | 04/15/2026 | 5 | 01/10/2024 | Filipiniana | Book Cart | 04/13/2026 | ||||
| Dewey Decimal Classification | Filipiniana | UM Digos College - LIC | UM Digos College - LIC | 08/08/2023 | Purchased | 712.00 | DFil 363.25 F962 2020 | 27491 | 05/15/2025 | 6 | 01/10/2024 | Filipiniana |
